000
00298nam a2200121Ia 4500
008
190216s9999||||xx |||||||||||||| ||und||
100
_a
Null
245
0
_a
Towards A Self-Reliant Economy
260
_b
Publications Division Govt. Of India
_c
1962
300
_a
120p
650
_a
Commerce
942
_c
BK
999
_c
3854
_d
3854